Rozvojové projekty Matice slovenskej

Bibliographic Details
Main Author: Klobušník, Ján JUDr (Author)
Format: Article
Language:Slovak
PhysicalDescription:Fotogr.
Subjects:

MARC

LEADER 00000nab a2200000 a 4500
001 vtls009287758
003 SK-MaSNL
005 20260305034142.0
008 080421c2008 xo qrzp 0 0slo
038 |a RVGKPD 
040 |a RVGKPD  |b slo  |c RVGKPD  |e AACR2 
041 |a slo 
044 |a xo  |c SK 
080 |a 061.22  |x (437.6)  |2 1997 
100 1 |a Klobušník, Ján  |c JUDr.  |4 aut  |9 1025943 
245 1 0 |a Rozvojové projekty Matice slovenskej  |c Ján Klobušník 
300 |b Fotogr. 
610 2 7 |a Matica slovenská.  |b Miestny odbor Vlachovo  |2 rvgkpd  |9 145967 
651 7 |a Vlachovo (Slovensko)  |2 rvgkpd  |9 29546 
651 7 |a Rožňava (Slovensko : okres)  |2 rvgkpd  |9 19215 
773 0 |t Stromíš : Vlachovské noviny  |g Roč. X, č. 1 (marec 2008), s. 6 
852 |a RVGKPD  |b KIS3G 
992 |a RBX 
999 |c 3328107  |d 3330037